| 000 | 01659njm a2200361 c 4500 | ||
|---|---|---|---|
| 003 | BLK | ||
| 005 | 20190617111015.0 | ||
| 008 | 180410b bul||n||s|||||||| n|bulo| | ||
| 010 | _aCDD00009338000 | ||
| 040 | _aBLK | ||
| 041 |
_aBUL _cBUL _hENG |
||
| 072 | 7 |
_2bullib _aФ _xНови некнижни |
|
| 080 |
_aАнглийски език _b811.111 _x(075.4)(086.76) _z811.111(075.4)(086.76) |
||
| 100 | 1 |
_aАндромак, Шийна _eпърви автор _932488 |
|
| 700 | 1 |
_aГотие, Доминик _eсъавт. _9328163 |
|
| 139 |
_aАндромак, Шийна и др. _bА 66 |
||
| 245 | 1 | 0 |
_aАнглийски за абсолютно начинаещи [аудио CD] _bCD 1 - _cШийна Андромак; съавт. Доминик Готие. _nCD 1 _pПроизношение ; Урок 1 - 9 |
| 257 | _aBGR | ||
| 260 |
_аСофия _bSkyPrint _c2014 |
||
| 300 | _c12 см | ||
| 380 | _a80 | ||
| 500 | _aКъм кн. със същото загл. и сигн. Цб 264390. - Аудиозаписът е реализиран от английскоговорящи артисти | ||
| 650 | 4 |
_aАнглийски език - учебници за самоподготовка _9253258 |
|
| 653 | _aанглийски език | ||
| 653 | _aучебници за самообразование | ||
| 659 | _aФ | ||
| 760 | 1 |
_aАндромак, Шийна _d2014 _h(1 ч. 04 мин. 31 сек.) : зв. _tCD 1 Произношение ; Урок 1 - 9 |
|
| 852 |
_aЦб CD 4160 _p0 |
||
| 856 | 4 |
_qpdf _u |
|
| 856 | 4 |
_qpdf _u |
|
| 942 |
_cCDD _n0 _01 |
||
| 944 |
_aCR _c02.06.2016 _kВиолета_Тройчева |
||
| 944 |
_aED _c22.07.2016 _kГеновева_Генчева |
||
| 999 |
_c228593 _d228593 |
||